Ref du youtube Français - Statistiques

Statistiques générales
  • Ce quiz a été pris 2 763 fois
  • Le résultat moyen est 9 sur 19
Statistiques - réponses
Hint Réponse % Correct
ARRÊTE DE PARLER !!! Squeezie
85%
J'me suis dit "Hassoul" Maxime Biaggi
80%
Est-ce que je peux mettre la voiture qui fait fiouuuu au plafond ? Joyca
76%
Oh ça crépite Mastu
74%
Encore, ça fait beaucoup là, non ? Mister V
72%
Y'a pas le truc... Y'a rien, on a perdu la vitre Amixem
63%
La boisson du sheitan... Mashallah Freddy Gladieux
52%
Ah ouai mec le confort *lunettes qui se cassent* McFly et Carlito
51%
Pour quoi faire ? Omar Sy
49%
Pour le peuple de judée Thomas Deseur
48%
Oh non Hugo, t'avais pas fini de décrypter Maghla
47%
Oh merde je viens de débrancher un truc - Oui c'est ma grand-mère Théodort / Snaptrox
44%
Tu es triste ? Arrêtes. Théo Babac
42%
Voilà mais c'était sur en fait ! c'était sur ! Sardoche
33%
Bien évidemment ! Bien évidemment ! Bien évidemmennnnt ! Antoine Daniel
26%
PTDR t'es qui ? Jiraya
18%
Carjacking ! J'me fait carjacker !! Audrey Pirault
9%
Mais si c'est pas un objet, qu'est ce que ça peut être ? Un verbe irrégulier ? Yvan Casta
9%
Et voila le travail, big brain Wankil Studio
7%
Aucun quiz correspondant
Distribution des résultats
% des personnes avec chaque résultat
Percentile par nombre de réponses
Votre historique - résultats
Vous n’avez pas pris ce quiz